Kraje z największym przyrostem PKB na świecie w roku 2021 - Statystyki

Ogólne statystyki
  • Ten quiz został rozwiązany 82 razy
    81 od ostatniego zresetowania
  • Średni wynik to 2 z 10
Statystyki odpowiedzi
Przyrost w % Odpowiedź % Poprawnych
8.4% Chiny
93%
12.5% Indie
63%
16.4% Gujana
14%
8.5% Peru
13%
7.6% Kenia
10%
131% Libia
8%
61.2% Makau
8%
12% Panama
8%
18.9% Malediwy
6%
9% Czarnogóra
0%
Nie znaleziono quizów pasujących do podanych kryteriów
Rozkład punktacji
Procent ludzi z każdym wynikiem
Percentyl według liczby udzielonych odpowiedzi
Twoja historia wyników
Nie rozwiązałeś tego quizu od ostatniego zresetowania